| 000 | 01330cam a22003134a 4500 | ||
|---|---|---|---|
| 999 |
_c20504 _d20504 |
||
| 001 | 13506638 | ||
| 005 | 20170119100352.0 | ||
| 008 | 040301s2004 nyua b 000 0 eng | ||
| 010 | _a 2004043462 | ||
| 020 | _a1585674079 (alk. paper) | ||
| 040 |
_aDLC _cDLC _dDLC |
||
| 042 | _apcc | ||
| 050 | 0 | 0 |
_aNK1510 _b.Z437 2004 |
| 100 | 1 |
_aZeisel, Eva, _d1906-2011. |
|
| 245 | 1 | 0 |
_aEva Zeisel on design : _bthe magic language of things. |
| 246 | 3 | 0 |
_aEva Zeisel : _bon design |
| 246 | 3 | 0 | _aOn design |
| 250 | _a1st ed. | ||
| 260 |
_aWoodstock, NY : _bOverlook Press, _c2004. |
||
| 300 |
_a221 p. : _bill. (some col.) ; _c25 cm. |
||
| 504 | _aIncludes bibliographical references (p. 215-217). | ||
| 650 | 0 | _aDesign. | |
| 942 |
_2lcc _cBOOKS _hNK1510 .Z437 2004 |
||